Largest Indian City A-Z - Statistics

General Stats
  • This quiz has been taken 10 times
  • The average score is 14 of 23
Answer Stats
Letter City % Correct
A Ahmedabad
100%
B Bangalore
100%
C Chennai
100%
D Delhi
100%
K Kolkata
100%
M Mumbai
100%
H Hyderabad
86%
I Indore
86%
J Jaipur
86%
L Lucknow
86%
N Nagpur
86%
P Pune
71%
F Faridabad
57%
S Surat
57%
E Erode
43%
R Ranchi
43%
G Ghaziabad
29%
W Warangal
29%
O Ozhukarai
14%
T Thane
14%
U Ujjain
14%
V Visakhapatnam
14%
Y Yamunanagar
14%
No matching quizzes found
Score Distribution
Percent of People with Each Score
Percentile by Number Answered
Your Score History
You have not taken this quiz